000 00983nas a2200337 4500
001 BR2010003665
003 BR-BrBNA
005 20231205114613.0
007 ta
008 230509b bl.|||p| |||| 00| 00por d
040 _aBR-BrBNA
_bpor
_cBiblioteca Nacional de Agricultura
041 _a(Pt)
072 _aP35; F04
100 1 _aNatale, W.
100 1 _aRozane, D.E.
100 1 _aPrado, R. de M.
100 1 _aRomualdo, L.M.
100 1 _aSouza, H.A. de
100 1 _aHernandes, A.
245 1 _aViabilidade econômica do uso do calcário na implantação de pomar de goiabeiras
650 _aGOIABA
650 _aACIDEZ DO SOLO
650 _aCALAGEM
650 _aANÁLISE DO SOLO
650 _aCALCÁRIO
650 _aANÁLISE ECONÔMICA
650 _aADUBAÇÃO
773 0 _tCiência e Agrotecnologia (Brazil)
_xISSN 1413-7054
_g(May-Jun 2010), v. 34(3) p. 708-713
_wBR2010003665
909 _a202311
_bLúcia
_c55
_dLúcia Elande
942 _2AGRIS
_n0
_cANA
999 _c209528
_d209528